000 00658nam a2200217Ii 4500
003 JO-AjNU
008 230605s9999||||xx |||||||||||||| ||und||
017 _a1989/995
040 _aJO-AjNU
_bara
_erda
_cJO-AjNU
041 _aara
050 1 4 _aBP161.2 1989
100 3 _aالسعدي، عبد العليم عبد الرحمن,
_eauthor
_99730
245 0 0 _aآدابك أيها المسلم
250 _aط1
264 3 1 _aالعراق: المؤلف، 1989
300 _a86ص
336 _atext
_btxt
_2rdacontent
337 _aunmediated
_bn
_2rdamedia
338 _avolume
_bnc
_2rdacarrier
650 4 _a اداب الاسلام - الاسلام
_99731
999 _aA1449
_c5017
_d5017